000 00717nam a2200217 a 4500
001 BRCA_20
005 20190320202839.0
008 950504s1995 mx-a---##b---#000-0#spa-#
020 _a9684842090
040 _aDLC
_cDLC
_dDLC
050 4 _aND1352.M4
_b.A58 1995
245 1 0 _aAntología del paisaje mexiquense.
260 _aToluca, Estado de México
_bInstituto Mexiquense de Cultura
_c1995
300 _a150 p.
_bil. (algunas a color), mapas
_c21 cm.
500 _aTítulo de la cubierta
504 _aBibliografía: p. 145-150
650 1 4 _aPintura paisajista mexicana
_zMéxico (Estado)
_996
650 1 4 _aSimbolismo en el arte
_zMéxico (Estado)
_997
650 1 4 _aGeografía
_zMéxico (Estado)
_998
942 _2lcc
_cB
999 _c20
_d20